PHARMACOGNOCY AND PHYTOCHEMISTRY A COMPANION HANDBOOK (Record no. 33069)

000 -LEADER
fixed length control field 00453nam a2200181Ia 4500
003 - CONTROL NUMBER IDENTIFIER
control field OSt
005 - DATE AND TIME OF LATEST TRANSACTION
control field 20260423124329.0
008 - FIXED-LENGTH DATA ELEMENTS--GENERAL INFORMATION
fixed length control field 210215s9999 xx 000 0 und d
020 ## - INTERNATIONAL STANDARD BOOK NUMBER
International Standard Book Number 9789387593206
040 ## - CATALOGING SOURCE
Transcribing agency MUIT
082 ## - DEWEY DECIMAL CLASSIFICATION NUMBER
Classification number 615.321
Item number DEO-P
Edition number 2
100 ## - MAIN ENTRY--PERSONAL NAME
Personal name DEORE, SHARDA L
245 #0 - TITLE STATEMENT
Title PHARMACOGNOCY AND PHYTOCHEMISTRY A COMPANION HANDBOOK
250 ## - EDITION STATEMENT
Edition statement 2
260 ## - PUBLICATION, DISTRIBUTION, ETC.
Place of publication, distribution, etc. HYDERABAD
Name of publisher, distributor, etc. PHARMA MED PRESS
Date of publication, distribution, etc. 2018
300 ## - PHYSICAL DESCRIPTION
Extent 360
942 ## - ADDED ENTRY ELEMENTS (KOHA)
Koha item type Book
Source of classification or shelving scheme
Holdings
Withdrawn status Lost status Damaged status Not for loan Collection code Permanent Location Current Location Shelving location Date acquired Full call number Barcode Date last seen Price effective from Koha item type Total Checkouts Date last checked out
          Maharishi School of Pharmaceutical Science (Lucknow) Maharishi School of Pharmaceutical Science (Lucknow) R5S4 2021-02-15 615.321 DEO-P SOPH236 2021-02-15 2021-02-15 Book    
          Maharishi School of Pharmaceutical Science (Lucknow) Maharishi School of Pharmaceutical Science (Lucknow) R5S4 2021-02-15 615.321 DEO-P SOPH237 2021-02-15 2021-02-15 Book    
          Maharishi School of Pharmaceutical Science (Lucknow) Maharishi School of Pharmaceutical Science (Lucknow) R14S1 2021-02-15 615.4085 KUM-C SOPH238 2023-02-27 2021-02-15 Book 1 2023-02-20
          Maharishi School of Pharmaceutical Science (Lucknow) Maharishi School of Pharmaceutical Science (Lucknow) R14S1 2021-02-15 615.4085 KUM-C SOPH239 2025-04-03 2021-02-15 Book 4 2025-02-25
          Maharishi School of Pharmaceutical Science (Lucknow) Maharishi School of Pharmaceutical Science (Lucknow) R2S3 2021-02-15 615.5 SOPH240 2021-02-15 2021-02-15 Reference Book    

All Rights Reserved@MUIT

Powered by Koha